00410nam a2200181Ia 4500003000900000008004100009040001300050040001300063041000800076100001600084245006300100250001300163260001600176260000900192300001100201300001000212490000600222IT-RoPAU120407s9999 xx 000 0 und d aIT-RoPAU cIT-RoPAU aita aMax Seckler aTeologia , scienza, Chiesa. Saggi di teologia fondamentale aBrescia  aMorcelliana c1988 a290 p. c23 cm v1